000 01275nam a2200157 4500
001 6412
090 0 0 _a423.91451 M37a 2008
100 0 0 _aMaral, Bhagaban.
245 0 0 _aAssamese,its origin and substratum /
_b
_cBhagaban Maral
_h
250 0 0 _a1st ed.
260 0 0 _aGuwahati;
_bAssam Panchajyoti Prakash,
_c2008.
300 0 0 _axxiv, 330 p; 22 cm.
505 _aContents: Preface -- Chapter-1 : The land and its languages -- Emergence of kamarupa speech -- Chapter-2 : The pre-Aryans in India and Assam -- Chapter-3 : Establishment of Hindu civilisation in Assam -- Chapter 4 : Dravido-Aryan sovereigns in Assam -- Chapter-5 : Pre- vedic and vedic elements in Assamese -- Chapter-6 : Pre- Aryan words in Assamese -- Chapter-7 : Pre-Aryan etymological parallels -- Chapter-8 : Pre-Aryan toponyms and river-names of Assam -- Pre-Aryan river-names -- Austric equivalents for water,river -- Sino-Tibetan equivalents for water -- Loan from pre-Aryan austric substratum -- Loan words -- the red river -- Austric equivalents for water or river -- Chapter-9 : Peculiarities of sounds of Assamese -- Sounds of Assamese -- Chapter-10 : Morphological peculiarities -- Chapter-11 : Syntax -- Chapter-12 : Conclusion.
_g
_r
_t
650 0 0 _a
_x
999 _c5403
_d5403